Norse myths : (Record no. 93850)

MARC details
000 -LEADER
fixed length control field 00719nam a22002297a 4500
003 - CONTROL NUMBER IDENTIFIER
control field OSt
005 - DATE AND TIME OF LATEST TRANSACTION
control field 20251215103820.0
008 - FIXED-LENGTH DATA ELEMENTS--GENERAL INFORMATION
fixed length control field 251215b |||||||| |||| 00| 0 eng d
020 ## - INTERNATIONAL STANDARD BOOK NUMBER
International Standard Book Number 9781398839441
040 ## - CATALOGING SOURCE
Transcribing agency HS LRC
050 ## - LIBRARY OF CONGRESS CALL NUMBER
Classification number BL 860
Item number .S664 2024
100 ## - MAIN ENTRY--PERSONAL NAME
Personal name Smithson, Jane
9 (RLIN) 131121
245 ## - TITLE STATEMENT
Title Norse myths :
Remainder of title magical tales of the gods of Asgard /
Statement of responsibility, etc. Jane Smithson.
260 ## - PUBLICATION, DISTRIBUTION, ETC. (IMPRINT)
Place of publication, distribution, etc. London :
Name of publisher, distributor, etc. Arcturus,
Date of publication, distribution, etc. c2024.
265 ## - SOURCE FOR ACQUISITION/SUBSCRIPTION ADDRESS [OBSOLETE]
Source for acquisition/subscription address ForeFront Book Co., Inc.
300 ## - PHYSICAL DESCRIPTION
Extent 159 pages :
Other physical details color illustrations ;
Dimensions 24 cm.
365 ## - TRADE PRICE
Price amount 1,266.00
650 ## - SUBJECT ADDED ENTRY--TOPICAL TERM
Topical term or geographic name as entry element Mythology, Norse
General subdivision Juvenile literature
9 (RLIN) 131122
650 ## - SUBJECT ADDED ENTRY--TOPICAL TERM
Topical term or geographic name as entry element Gods, Norse
General subdivision Juvenile literature
9 (RLIN) 131123
650 ## - SUBJECT ADDED ENTRY--TOPICAL TERM
Topical term or geographic name as entry element Goddesses, Norse
General subdivision Juvenile literature
9 (RLIN) 131124
942 ## - ADDED ENTRY ELEMENTS (KOHA)
Source of classification or shelving scheme Library of Congress Classification
Koha item type Books
Holdings
Withdrawn status Lost status Source of classification or shelving scheme Damaged status Not for loan Collection code Home library Current library Shelving location Date acquired Source of acquisition Cost, normal purchase price Inventory number Total Checkouts Full call number Barcode Date last seen Copy number Cost, replacement price Price effective from Koha item type
    Library of Congress Classification     Circulation DLSU-D HS Learning Resource Center DLSU-D HS Learning Resource Center Circulation 06/24/2025 HS LRC SY 2024-2025 1266.00 CIR-002174   BL 860 .S664 2024 3HS00000002174 12/15/2025 002174 1266.00 12/15/2025 Books